Normal view
MARC view
- González-López, Geraldine
Entry Nombre Personal
001 - NUMERO DE CONTROL
- campo de control: 48551
003 - IDENTIFICADOR DE NUMERO DE CONTROL
- campo de control: UPN
005 - FECHA Y HORA DE LA ÜLTIMA TRANSACCIÓN
- campo de control: 20230606120954.0
008 - DATOS DE LONGITUD FIJA
- campo de control de longitud fija: 230324|| ac|||aabn | a|a d
040 ## - FUENTE DE CATALOGACIÓN
- Agencia original de catalogación: MX-MxUPN
100 1# - ENCABEZAMIENTO - NOMBRE PERSONAL
- Nombre personal: González-López, Geraldine
370 ## - LUGAR ASOCIADO
- Place of birth: Chile
372 ## - CAMPO DE ACTIVIDAD
- Field of activity: Educación
373 ## - GRUPO ASOCIADO
- Associated group: Universidad Católica de la Santísima Concepción
670 ## - FUENTE EN LA QUE SE LOCALIZARON DATOS
- Cita de la fuente: En recurso en línea Aloma : revista de psicología, ciencies de l'educació i de l de l'esport Vol. 40, no. 1 (2022):
- Información localizada: página 23 (Geraldine González-López)
- Uniform Resource Identifier: http://www.revistaaloma.net/index.php/aloma/article/view/585/200200330
902 ## - CATALOGADOR
- Catalogador: RGJD/060623
